<?xml version="1.0" encoding="UTF-8"?>
<record
    xmlns:xsi="http://www.w3.org/2001/XMLSchema-instance"
    xsi:schemaLocation="http://www.loc.gov/MARC21/slim http://www.loc.gov/standards/marcxml/schema/MARC21slim.xsd"
    xmlns="http://www.loc.gov/MARC21/slim">

  <leader>01014nam a22002177a 4500</leader>
  <controlfield tag="005">20250408091336.0</controlfield>
  <controlfield tag="008">241023b           ||||| |||| 00| 0 eng d</controlfield>
  <datafield tag="020" ind1=" " ind2=" ">
    <subfield code="a">9789392116094</subfield>
  </datafield>
  <datafield tag="040" ind1=" " ind2=" ">
    <subfield code="c">AL</subfield>
  </datafield>
  <datafield tag="041" ind1=" " ind2=" ">
    <subfield code="a">Kannada</subfield>
  </datafield>
  <datafield tag="082" ind1=" " ind2=" ">
    <subfield code="2">23</subfield>
    <subfield code="a">351.1K</subfield>
    <subfield code="b">MANS</subfield>
  </datafield>
  <datafield tag="100" ind1=" " ind2=" ">
    <subfield code="a">Prabhudev B Mane </subfield>
    <subfield code="9">207827</subfield>
  </datafield>
  <datafield tag="100" ind1=" " ind2=" ">
    <subfield code="b">&#xCAA;&#xCCD;&#xCB0;&#xCAD;&#xCC1;&#xCA6;&#xCC7;&#xCB5; &#xCAC;&#xCBF; &#xCAE;&#xCBE;&#xCA8;&#xCC6; </subfield>
    <subfield code="9">207828</subfield>
  </datafield>
  <datafield tag="245" ind1=" " ind2=" ">
    <subfield code="a">Sevanubhavada Nenapugalu: Nyaamurthi Santhosh Hegde lokayuktha tanda 2007 rinda 2011</subfield>
    <subfield code="b">&#xCB8;&#xCC7;&#xCB5;&#xCBE;&#xCA8;&#xCC1;&#xCAD;&#xCB5;&#xCA6; &#xCA8;&#xCC6;&#xCA8;&#xCAA;&#xCC1;&#xC97;&#xCB3;&#xCC1; :&#xCA8;&#xCCD;&#xCAF;&#xCBE;&#xCAF;&#xCAE;&#xCC2;&#xCB0;&#xCCD;&#xCA4;&#xCBF; &#xCB8;&#xC82;&#xCA4;&#xCCB;&#xCB7;&#xCCD; &#xCB9;&#xCC6;&#xC97;&#xCCD;&#xCA1;&#xCC6; &#xCB2;&#xCCB;&#xC95;&#xCBE;&#xCAF;&#xCC1;&#xC95;&#xCCD;&#xCA4; &#xCA4;&#xC82;&#xCA1; &#xCE8;&#xCE6;&#xCE6;&#xCED; -&#xCE8;&#xCE6;&#xCE7;&#xCE7;</subfield>
  </datafield>
  <datafield tag="260" ind1=" " ind2=" ">
    <subfield code="a">Mangaluru</subfield>
    <subfield code="b">Aakrithi Aashaya Publications</subfield>
    <subfield code="c">2023</subfield>
  </datafield>
  <datafield tag="300" ind1=" " ind2=" ">
    <subfield code="a">196 p.</subfield>
    <subfield code="b">HB</subfield>
    <subfield code="c">21x14 cm.</subfield>
  </datafield>
  <datafield tag="365" ind1=" " ind2=" ">
    <subfield code="a">938</subfield>
    <subfield code="b">&#x20B9;212.00</subfield>
    <subfield code="c">&#x20B9;</subfield>
    <subfield code="d">&#x20B9;250.00</subfield>
    <subfield code="e">15%</subfield>
    <subfield code="f">26-09-2024</subfield>
  </datafield>
  <datafield tag="650" ind1=" " ind2=" ">
    <subfield code="a">Memories of service in Karnataka Lokayuktha team headed by justice Santhosh Hegde during the year 2007-2011</subfield>
    <subfield code="9">183067</subfield>
  </datafield>
  <datafield tag="700" ind1=" " ind2=" ">
    <subfield code="a">MANE (Prabhudev B)</subfield>
    <subfield code="9">183068</subfield>
  </datafield>
  <datafield tag="942" ind1=" " ind2=" ">
    <subfield code="2">ddc</subfield>
    <subfield code="c">BK</subfield>
  </datafield>
  <datafield tag="999" ind1=" " ind2=" ">
    <subfield code="c">231891</subfield>
    <subfield code="d">231891</subfield>
  </datafield>
  <datafield tag="952" ind1=" " ind2=" ">
    <subfield code="0">0</subfield>
    <subfield code="1">0</subfield>
    <subfield code="2">ddc</subfield>
    <subfield code="4">0</subfield>
    <subfield code="7">0</subfield>
    <subfield code="8">KAN</subfield>
    <subfield code="a">AL</subfield>
    <subfield code="b">AL</subfield>
    <subfield code="d">2024-10-21</subfield>
    <subfield code="e">Aakrithi Aashaya Publications</subfield>
    <subfield code="g">212.00</subfield>
    <subfield code="l">0</subfield>
    <subfield code="o">351.1K MANS</subfield>
    <subfield code="p">077353</subfield>
    <subfield code="r">2024-10-23 00:00:00</subfield>
    <subfield code="v">250.00</subfield>
    <subfield code="w">2024-10-23</subfield>
    <subfield code="y">BK</subfield>
  </datafield>
</record>
